000 00605nam a2200205 a 4500
005 20240924070653.0
008 991125s2001 es 000 0 spa u
020 _a8434466392
035 _aUPN01000143018
049 _aCG
050 4 _aD16
_bC3.68a
100 1 _aCarr, Edward Hallett,
_d1892-1982
_933015
245 1 1 _a¿Qué es la historia? /
_cEdward H. Carr ; tr. Joaquín Romero Maura.
260 _aBarcelona, Esp. :
_bAriel,
_c2001.
300 _a228 p.
440 0 _aAriel historia
500 _aEn la portada: Edición definitiva
650 4 _aHistoria
_xFilosofía
_96938
905 _aLibro
999 _c115165
_d115165